| 000 | 00000nam 2200000za 4500 |
| 001 | 9.854398 |
| 003 | CaOODSP |
| 005 | 20250819153650 |
| 007 | cr ||||||||||| |
| 008 | 180327s2018 oncdo ob f000 0 eng d |
| 020 | |a978-0-660-26012-9 |
| 040 | |aCaOODSP|beng |
| 043 | |an-cn--- |
| 086 | 1 |aHP35-104/2018E-PDF |
| 245 | 00|aParkinsonism in Canada, including Parkinson's disease |h[electronic resource] : |bhighlights from the Canadian chronic disease surveillance system. |
| 246 | 10|aHighlights from the Canadian chronic disease surveillance system |
| 260 | |a[Ottawa?] : |bPublic Health Agency of Canada, |cc2018. |
| 300 | |a5 p. : |bgraphs, photographs |
| 500 | |aTitle from caption. |
| 500 | |aIssued also in French under title: Le Parkinsonisme au Canada, y compris la maladie de Parkinson : faits saillants du système Canadien de surveillance des maladies chroniques. |
| 504 | |aIncludes bibliographical references. |
| 520 | |a"Parkinsonism, including Parkinson’s disease, can have significant impacts for those affected, their caregivers, and society. With a growing and aging population, it is estimated that the number of Canadians living with parkinsonism will double between 2011 and 2031 and that the incidence will increase by 50%"--p. [1]. |
| 692 | 07|2gccst|aChronic diseases |
| 692 | 07|2gccst|aHealth promotion |
| 692 | 07|2gccst|aCaregivers |
| 710 | 2 |aPublic Health Agency of Canada. |
| 775 | 08|tLe Parkinsonisme au Canada, y compris la maladie de Parkinson |w(CaOODSP)9.854399 |
| 794 | |tParkinsonism in Canada, including Parkinson Disease.|b2025|w(CaOODSP)9.949696 |
| 856 | 40|qPDF|s705 KB|uhttps://publications.gc.ca/collections/collection_2018/aspc-phac/HP35-104-2018-eng.pdf |
| 986 | |aPub.: 170469 |